<?xml version="1.0" encoding="UTF-8"?>
<record
    xmlns:xsi="http://www.w3.org/2001/XMLSchema-instance"
    xsi:schemaLocation="http://www.loc.gov/MARC21/slim http://www.loc.gov/standards/marcxml/schema/MARC21slim.xsd"
    xmlns="http://www.loc.gov/MARC21/slim">

  <leader>01947nab a2200289uuc4500</leader>
  <controlfield tag="001">1244506</controlfield>
  <controlfield tag="005">20250917134450.0</controlfield>
  <controlfield tag="008">110609e20070901                    spa  </controlfield>
  <datafield tag="035" ind1=" " ind2=" ">
    <subfield code="a">1244506</subfield>
  </datafield>
  <datafield tag="035" ind1=" " ind2=" ">
    <subfield code="a">(OCoLC)820585831</subfield>
  </datafield>
  <datafield tag="040" ind1=" " ind2=" ">
    <subfield code="c">comduadb</subfield>
  </datafield>
  <datafield tag="041" ind1=" " ind2=" ">
    <subfield code="a">spa</subfield>
  </datafield>
  <datafield tag="100" ind1="1" ind2="0">
    <subfield code="a">Mourre, Alexis</subfield>
    <subfield code="4">aut</subfield>
    <subfield code="e">aut</subfield>
    <subfield code="9">622437</subfield>
  </datafield>
  <datafield tag="245" ind1="1" ind2="0">
    <subfield code="a">Perspectivas del derecho de arbitraje en Am&#xE9;rica Latina</subfield>
  </datafield>
  <datafield tag="520" ind1="3" ind2=" ">
    <subfield code="a">El presente art&#xED;culo nos muestra como, para el autor, el Arbitraje en Latinoam&#xE9;rica ha evolucionado, dejando de ser reglado por normas nacionales e intereses de los pa&#xED;ses m&#xE1;s poderosos econ&#xF3;micamente. Nos explica como han influenciado las doctrinas Drago y Calvo a lo que hoy consideramos como arbitraje, estableciendo que ning&#xFA;n extranjero se encuentra por encima de las normas nacionales y que ning&#xFA;n Estado puede interferir en las leyes de otro Estado con motivos de defender a alguno de sus nacionales. Tambi&#xE9;n nos explica como poco a poco cada pa&#xED;s de la regi&#xF3;n ha adoptado y normado el arbitraje con respecto a las reglas de la UNCITRAL, del CIADI y de los tratados bilaterales de protecci&#xF3;n de inversiones (llamados APRIs). Finalmente, establece que todo arbitraje debe ser aut&#xF3;nomo, deslocalizado e internacional dejando en claro que el arbitraje hoy por hoy es un instrumento de justicia universal.</subfield>
  </datafield>
  <datafield tag="650" ind1=" " ind2="7">
    <subfield code="a">Arbitraje internacional</subfield>
    <subfield code="2">armarc</subfield>
    <subfield code="9">388</subfield>
  </datafield>
  <datafield tag="650" ind1=" " ind2=" ">
    <subfield code="a">Arbitraje judicial</subfield>
    <subfield code="9">98676</subfield>
  </datafield>
  <datafield tag="650" ind1=" " ind2=" ">
    <subfield code="a">Doctrina Drago</subfield>
    <subfield code="9">131732</subfield>
  </datafield>
  <datafield tag="650" ind1=" " ind2="7">
    <subfield code="a">Estado-Naci&#xF3;n</subfield>
    <subfield code="2">armarc</subfield>
    <subfield code="9">26873</subfield>
  </datafield>
  <datafield tag="650" ind1=" " ind2="7">
    <subfield code="a">Inversiones</subfield>
    <subfield code="2">lemb</subfield>
    <subfield code="9">1103</subfield>
  </datafield>
  <datafield tag="650" ind1=" " ind2="7">
    <subfield code="a">Justicia</subfield>
    <subfield code="z">Am&#xE9;rica Latina</subfield>
    <subfield code="2">lemb</subfield>
    <subfield code="9">8380</subfield>
  </datafield>
  <datafield tag="650" ind1=" " ind2="7">
    <subfield code="a">Derecho internacional</subfield>
    <subfield code="2">lemb</subfield>
    <subfield code="9">43695</subfield>
  </datafield>
  <datafield tag="650" ind1=" " ind2="7">
    <subfield code="a">Tribunales de arbitramento</subfield>
    <subfield code="2">lemb</subfield>
    <subfield code="9">28319</subfield>
  </datafield>
  <datafield tag="650" ind1=" " ind2=" ">
    <subfield code="a">Ley procesal</subfield>
    <subfield code="9">81112</subfield>
  </datafield>
  <datafield tag="773" ind1="0" ind2=" ">
    <subfield code="t">Athina : Revista de Derecho de los Alumnos de la Universidad de Lima (Lima)</subfield>
    <subfield code="g">Vol. 02, No. 03, Sep. 2007, p. 193-204</subfield>
    <subfield code="w">(CO-MdUADB)1243439</subfield>
    <subfield code="x">1991-0894</subfield>
    <subfield code="0">590664</subfield>
    <subfield code="9">933181</subfield>
    <subfield code="o">0757285</subfield>
  </datafield>
  <datafield tag="942" ind1=" " ind2=" ">
    <subfield code="c">ARIMP</subfield>
  </datafield>
  <datafield tag="999" ind1=" " ind2=" ">
    <subfield code="c">583017</subfield>
    <subfield code="d">583017</subfield>
  </datafield>
</record>
